00467nam a2200157 4500003001100000005001700011008004100028020001500069040003900084082001600123100002600139245005500165260004700220300002600267650001600293LK-CoMWRAF20230906104324.0230906b2006 |||||||| |||| 00| 0 eng d a9551266242 aLK-CoMWRAFdLK-CoMWRAFeLK-CoMWRAF a894.81bTHI a Thiruchandran, Selvy aStories from the diaspora :bTamil women, writing  aColombo :bVijithayapa publications,c2006 a[viii],96p. ; 20 cm.  aTamil women